书目信息 |
| 题名: |
中国科学翻译史
|
|
| 作者: | 李亚舒 , 黎难秋 主编 | |
| 分册: | ||
| 出版信息: | 长沙 湖南教育出版社 2000.02 |
|
| 页数: | 746页 | |
| 开本: | 32开 | |
| 丛书名: | ||
| 单 册: | ||
| 中图分类: | H059.092 | |
| 科图分类: | ||
| 主题词: | 翻译 | |
| 电子资源: | ||
| ISBN: | 7-5355-3082-6 | |
| 000 | 00599nam0 2200205 45 | |
| 001 | 0211201581 | |
| 005 | 20031219104101.3 | |
| 010 | @a7-5355-3082-6@b精装@dCNY35.50 | |
| 100 | @a20021120d2000 km y0chiy0120 ea | |
| 101 | 0 | @achi |
| 105 | @a z 000yy | |
| 200 | 1 | @a中国科学翻译史@AZhong Guo Ke Xue Fan Yi Shi@f李亚舒,黎难秋主编@FLi Ya Shu,Li Nan Qiu Zhu Bian |
| 210 | @a长沙@c湖南教育出版社@d2000.02 | |
| 215 | @a746页@d32开 | |
| 606 | 0 | @a翻译 |
| 690 | @aH059.092@v4 | |
| 701 | @a李亚舒@4主编 | |
| 701 | 0 | @a黎难秋@4主编 |
| 801 | @aCN@bTSTC@c20021120 | |
| 905 | @b318380-384@dH059.092@e80@f5 | |
| 中国科学翻译史/李亚舒,黎难秋主编.-长沙:湖南教育出版社,2000.02 |
| 746页;32开 |
| ISBN 7-5355-3082-6(精装):CNY35.50 |
| ● |
| 相关链接 |
|
|
|
|
正题名:中国科学翻译史
索取号:H059.092/80
 
预约/预借
| 序号 | 登录号 | 条形码 | 馆藏地/架位号 | 状态 | 备注 |
| 1 | 0318380 | 203183802 | 第四借阅区/ [索取号:H059.092/80] | 在馆 | |
| 2 | 0318381 | 203183811 | 第四借阅区/ [索取号:H059.092/80] | 在馆 | |
| 3 | 0318382 | 203183820 | 第四借阅区/ [索取号:H059.092/80] | 在馆 | |
| 4 | 0318383 | 203183839 | 第四借阅区/ [索取号:H059.092/80] | 在馆 | |
| 5 | 0318384 | 203183848 | 第二样本阅览室/ [索取号:H059.092/80] | 在馆 |